Report of the Presidential Committee on Unemployment 1982/83 (Record no. 2693)
[ view plain ]
| 000 -LEADER | |
|---|---|
| fixed length control field | 00309nam a22001217a 4500 |
| 008 - FIXED-LENGTH DATA ELEMENTS--GENERAL INFORMATION | |
| fixed length control field | 230626b xxu||||| |||| 00| 0 eng d |
| 082 ## - DEWEY DECIMAL CLASSIFICATION NUMBER | |
| Classification number | 331.137 |
| Item number | WAN |
| 100 ## - MAIN ENTRY--PERSONAL NAME | |
| Titles and words associated with a name | Maina Wanjigi |
| 245 ## - TITLE STATEMENT | |
| Title | Report of the Presidential Committee on Unemployment 1982/83 |
| 260 ## - PUBLICATION, DISTRIBUTION, ETC. (IMPRINT) | |
| Place of publication, distribution, etc. | Kenya |
| 300 ## - PHYSICAL DESCRIPTION | |
| Extent | 261p |
| 942 ## - ADDED ENTRY ELEMENTS (KOHA) | |
| Source of classification or shelving scheme | Dewey Decimal Classification |
| Koha item type | Books |
| Withdrawn status | Lost status | Source of classification or shelving scheme | Damaged status | Not for loan | Home library | Current library | Date acquired | Total Checkouts | Full call number | Barcode | Date last seen | Price effective from | Koha item type | Checked out |
|---|---|---|---|---|---|---|---|---|---|---|---|---|---|---|
| Dewey Decimal Classification | County Hall Archives | County Hall Archives | 06/26/2023 | 331.137 WAN | 1000473 | 06/26/2023 | 06/26/2023 | Books | ||||||
| Dewey Decimal Classification | County Hall Archives | County Hall Archives | 06/26/2023 | 331.137 WAN | 10012331 | 06/26/2023 | 06/26/2023 | Books | ||||||
| Dewey Decimal Classification | County Hall Archives | County Hall Archives | 06/26/2023 | 331.137 WAN | 1000805 | 06/26/2023 | 06/26/2023 | Books | 03/21/2022 |
